<?xml version="1.0" encoding="UTF-8"?>
<collection xmlns="http://www.loc.gov/MARC21/slim">
<record>
  <controlfield tag="001">53252</controlfield>
  <controlfield tag="005">20230504192509.0</controlfield>
  <datafield tag="024" ind1="7" ind2=" ">
    <subfield code="a">10.1103/PhysRevA.57.4365</subfield>
    <subfield code="2">doi</subfield>
  </datafield>
  <datafield tag="024" ind1="7" ind2=" ">
    <subfield code="a">0556-2791</subfield>
    <subfield code="2">ISSN</subfield>
  </datafield>
  <datafield tag="024" ind1="7" ind2=" ">
    <subfield code="a">1094-1622</subfield>
    <subfield code="2">ISSN</subfield>
  </datafield>
  <datafield tag="024" ind1="7" ind2=" ">
    <subfield code="a">1050-2947</subfield>
    <subfield code="2">ISSN</subfield>
  </datafield>
  <datafield tag="024" ind1="7" ind2=" ">
    <subfield code="a">WOS:000074160600042</subfield>
    <subfield code="2">WOS</subfield>
  </datafield>
  <datafield tag="037" ind1=" " ind2=" ">
    <subfield code="a">GSI-2013-04251</subfield>
  </datafield>
  <datafield tag="041" ind1=" " ind2=" ">
    <subfield code="a">English</subfield>
  </datafield>
  <datafield tag="082" ind1=" " ind2=" ">
    <subfield code="a">530</subfield>
  </datafield>
  <datafield tag="100" ind1="1" ind2=" ">
    <subfield code="a">Mitnik, D.</subfield>
    <subfield code="b">0</subfield>
    <subfield code="e">Corresponding author</subfield>
  </datafield>
  <datafield tag="245" ind1=" " ind2=" ">
    <subfield code="a">Dielectronic recombination of $U^{28+}$ atomic ions</subfield>
  </datafield>
  <datafield tag="260" ind1=" " ind2=" ">
    <subfield code="a">College Park, Md.</subfield>
    <subfield code="c">1998</subfield>
    <subfield code="b">APS</subfield>
  </datafield>
  <datafield tag="336" ind1="7" ind2=" ">
    <subfield code="a">Journal Article</subfield>
    <subfield code="b">journal</subfield>
    <subfield code="m">journal</subfield>
    <subfield code="0">PUB:(DE-HGF)16</subfield>
    <subfield code="s">1372063450_29357</subfield>
    <subfield code="2">PUB:(DE-HGF)</subfield>
  </datafield>
  <datafield tag="336" ind1="7" ind2=" ">
    <subfield code="a">article</subfield>
    <subfield code="2">DRIVER</subfield>
  </datafield>
  <datafield tag="336" ind1="7" ind2=" ">
    <subfield code="a">ARTICLE</subfield>
    <subfield code="2">BibTeX</subfield>
  </datafield>
  <datafield tag="336" ind1="7" ind2=" ">
    <subfield code="a">Journal Article</subfield>
    <subfield code="0">0</subfield>
    <subfield code="2">EndNote</subfield>
  </datafield>
  <datafield tag="536" ind1=" " ind2=" ">
    <subfield code="a">899 - ohne Topic (POF2-899)</subfield>
    <subfield code="0">G:(DE-HGF)POF2-899</subfield>
    <subfield code="c">POF2-899</subfield>
    <subfield code="x">0</subfield>
    <subfield code="f">POF I</subfield>
  </datafield>
  <datafield tag="542" ind1=" " ind2=" ">
    <subfield code="i">1998-06-01</subfield>
    <subfield code="2">Crossref</subfield>
    <subfield code="u">http://link.aps.org/licenses/aps-default-license</subfield>
  </datafield>
  <datafield tag="588" ind1=" " ind2=" ">
    <subfield code="a">Dataset connected to CrossRef, repository.gsi.de</subfield>
  </datafield>
  <datafield tag="700" ind1="1" ind2=" ">
    <subfield code="a">Pindzola, M.</subfield>
    <subfield code="b">1</subfield>
  </datafield>
  <datafield tag="700" ind1="1" ind2=" ">
    <subfield code="a">Robicheaux, F.</subfield>
    <subfield code="b">2</subfield>
  </datafield>
  <datafield tag="700" ind1="1" ind2=" ">
    <subfield code="a">Badnell, N.</subfield>
    <subfield code="b">3</subfield>
  </datafield>
  <datafield tag="700" ind1="1" ind2=" ">
    <subfield code="a">Uwira, O.</subfield>
    <subfield code="b">4</subfield>
  </datafield>
  <datafield tag="700" ind1="1" ind2=" ">
    <subfield code="a">Müller, A.</subfield>
    <subfield code="b">5</subfield>
  </datafield>
  <datafield tag="700" ind1="1" ind2=" ">
    <subfield code="a">Frank, A.</subfield>
    <subfield code="b">6</subfield>
  </datafield>
  <datafield tag="700" ind1="1" ind2=" ">
    <subfield code="a">Linkemann, J.</subfield>
    <subfield code="b">7</subfield>
  </datafield>
  <datafield tag="700" ind1="1" ind2=" ">
    <subfield code="a">Spies, W.</subfield>
    <subfield code="b">8</subfield>
  </datafield>
  <datafield tag="700" ind1="1" ind2=" ">
    <subfield code="a">Angert, N.</subfield>
    <subfield code="0">P:(DE-Ds200)BUDP1-0004</subfield>
    <subfield code="b">9</subfield>
    <subfield code="u">gsi</subfield>
  </datafield>
  <datafield tag="700" ind1="1" ind2=" ">
    <subfield code="a">Becker, R.</subfield>
    <subfield code="b">10</subfield>
  </datafield>
  <datafield tag="700" ind1="1" ind2=" ">
    <subfield code="a">Kleinod, M.</subfield>
    <subfield code="b">11</subfield>
  </datafield>
  <datafield tag="700" ind1="1" ind2=" ">
    <subfield code="a">Ricz, S.</subfield>
    <subfield code="b">12</subfield>
  </datafield>
  <datafield tag="700" ind1="1" ind2=" ">
    <subfield code="a">Empacher, L.</subfield>
    <subfield code="b">13</subfield>
  </datafield>
  <datafield tag="700" ind1="1" ind2=" ">
    <subfield code="a">Mokler, P.</subfield>
    <subfield code="0">P:(DE-Ds200)BUDP1-0207</subfield>
    <subfield code="b">14</subfield>
    <subfield code="u">gsi</subfield>
  </datafield>
  <datafield tag="773" ind1="1" ind2="8">
    <subfield code="a">10.1103/physreva.57.4365</subfield>
    <subfield code="b">American Physical Society (APS)</subfield>
    <subfield code="d">1998-06-01</subfield>
    <subfield code="n">6</subfield>
    <subfield code="p">4365-4372</subfield>
    <subfield code="3">journal-article</subfield>
    <subfield code="2">Crossref</subfield>
    <subfield code="t">Physical Review A</subfield>
    <subfield code="v">57</subfield>
    <subfield code="y">1998</subfield>
    <subfield code="x">1050-2947</subfield>
  </datafield>
  <datafield tag="773" ind1=" " ind2=" ">
    <subfield code="a">10.1103/PhysRevA.57.4365</subfield>
    <subfield code="g">Vol. 57, no. 6, p. 4365 - 4372</subfield>
    <subfield code="p">4365-4372</subfield>
    <subfield code="n">6</subfield>
    <subfield code="0">PERI:(DE-600)2844156-4</subfield>
    <subfield code="t">Physical review / A</subfield>
    <subfield code="v">57</subfield>
    <subfield code="y">1998</subfield>
    <subfield code="x">1050-2947</subfield>
  </datafield>
  <datafield tag="909" ind1="C" ind2="O">
    <subfield code="o">oai:repository.gsi.de:53252</subfield>
    <subfield code="p">VDB</subfield>
  </datafield>
  <datafield tag="910" ind1="1" ind2=" ">
    <subfield code="a">GSI Helmholtzzentrum für Schwerionenforschung GmbH</subfield>
    <subfield code="0">I:(DE-Ds200)20121206GSI</subfield>
    <subfield code="k">GSI</subfield>
    <subfield code="b">9</subfield>
    <subfield code="6">P:(DE-Ds200)BUDP1-0004</subfield>
  </datafield>
  <datafield tag="910" ind1="1" ind2=" ">
    <subfield code="a">GSI Helmholtzzentrum für Schwerionenforschung GmbH</subfield>
    <subfield code="0">I:(DE-Ds200)20121206GSI</subfield>
    <subfield code="k">GSI</subfield>
    <subfield code="b">14</subfield>
    <subfield code="6">P:(DE-Ds200)BUDP1-0207</subfield>
  </datafield>
  <datafield tag="913" ind1="1" ind2=" ">
    <subfield code="a">DE-HGF</subfield>
    <subfield code="b">Programmungebundene Forschung</subfield>
    <subfield code="l">ohne Programm</subfield>
    <subfield code="1">G:(DE-HGF)POF2-890</subfield>
    <subfield code="0">G:(DE-HGF)POF2-899</subfield>
    <subfield code="2">G:(DE-HGF)POF2-800</subfield>
    <subfield code="v">ohne Topic</subfield>
    <subfield code="x">0</subfield>
    <subfield code="4">G:(DE-HGF)POF</subfield>
    <subfield code="3">G:(DE-HGF)POF2</subfield>
  </datafield>
  <datafield tag="915" ind1=" " ind2=" ">
    <subfield code="a">JCR/ISI refereed</subfield>
    <subfield code="0">StatID:(DE-HGF)0010</subfield>
    <subfield code="2">StatID</subfield>
  </datafield>
  <datafield tag="915" ind1=" " ind2=" ">
    <subfield code="a">JCR</subfield>
    <subfield code="0">StatID:(DE-HGF)0100</subfield>
    <subfield code="2">StatID</subfield>
  </datafield>
  <datafield tag="915" ind1=" " ind2=" ">
    <subfield code="a">WoS</subfield>
    <subfield code="0">StatID:(DE-HGF)0110</subfield>
    <subfield code="2">StatID</subfield>
    <subfield code="b">Science Citation Index</subfield>
  </datafield>
  <datafield tag="915" ind1=" " ind2=" ">
    <subfield code="a">WoS</subfield>
    <subfield code="0">StatID:(DE-HGF)0111</subfield>
    <subfield code="2">StatID</subfield>
    <subfield code="b">Science Citation Index Expanded</subfield>
  </datafield>
  <datafield tag="915" ind1=" " ind2=" ">
    <subfield code="a">DBCoverage</subfield>
    <subfield code="0">StatID:(DE-HGF)0150</subfield>
    <subfield code="2">StatID</subfield>
    <subfield code="b">Web of Science Core Collection</subfield>
  </datafield>
  <datafield tag="915" ind1=" " ind2=" ">
    <subfield code="a">DBCoverage</subfield>
    <subfield code="0">StatID:(DE-HGF)0199</subfield>
    <subfield code="2">StatID</subfield>
    <subfield code="b">Thomson Reuters Master Journal List</subfield>
  </datafield>
  <datafield tag="915" ind1=" " ind2=" ">
    <subfield code="a">DBCoverage</subfield>
    <subfield code="0">StatID:(DE-HGF)0200</subfield>
    <subfield code="2">StatID</subfield>
    <subfield code="b">SCOPUS</subfield>
  </datafield>
  <datafield tag="915" ind1=" " ind2=" ">
    <subfield code="a">DBCoverage</subfield>
    <subfield code="0">StatID:(DE-HGF)0300</subfield>
    <subfield code="2">StatID</subfield>
    <subfield code="b">Medline</subfield>
  </datafield>
  <datafield tag="915" ind1=" " ind2=" ">
    <subfield code="a">Nationallizenz</subfield>
    <subfield code="0">StatID:(DE-HGF)0420</subfield>
    <subfield code="2">StatID</subfield>
  </datafield>
  <datafield tag="915" ind1=" " ind2=" ">
    <subfield code="a">DBCoverage</subfield>
    <subfield code="0">StatID:(DE-HGF)1040</subfield>
    <subfield code="2">StatID</subfield>
    <subfield code="b">Zoological Record</subfield>
  </datafield>
  <datafield tag="920" ind1="1" ind2=" ">
    <subfield code="0">I:(DE-Ds200)ATP-20051214OR020</subfield>
    <subfield code="k">ATP</subfield>
    <subfield code="l">Atomphysik</subfield>
    <subfield code="x">0</subfield>
  </datafield>
  <datafield tag="980" ind1=" " ind2=" ">
    <subfield code="a">journal</subfield>
  </datafield>
  <datafield tag="980" ind1=" " ind2=" ">
    <subfield code="a">VDB</subfield>
  </datafield>
  <datafield tag="980" ind1=" " ind2=" ">
    <subfield code="a">I:(DE-Ds200)20110830OR020</subfield>
  </datafield>
  <datafield tag="980" ind1=" " ind2=" ">
    <subfield code="a">I:(DE-Ds200)ATP-20051214OR020</subfield>
  </datafield>
  <datafield tag="980" ind1=" " ind2=" ">
    <subfield code="a">UNRESTRICTED</subfield>
  </datafield>
  <datafield tag="999" ind1="C" ind2="5">
    <subfield code="a">10.1103/PhysRevA.53.1413</subfield>
    <subfield code="9">-- missing cx lookup --</subfield>
    <subfield code="1">A. Lampert</subfield>
    <subfield code="p">1413 -</subfield>
    <subfield code="2">Crossref</subfield>
    <subfield code="t">Phys. Rev. A</subfield>
    <subfield code="v">53</subfield>
    <subfield code="y">1996</subfield>
  </datafield>
  <datafield tag="999" ind1="C" ind2="5">
    <subfield code="a">10.1103/PhysRevA.56.386</subfield>
    <subfield code="9">-- missing cx lookup --</subfield>
    <subfield code="1">W. Zong</subfield>
    <subfield code="p">386 -</subfield>
    <subfield code="2">Crossref</subfield>
    <subfield code="t">Phys. Rev. A</subfield>
    <subfield code="v">56</subfield>
    <subfield code="y">1997</subfield>
  </datafield>
  <datafield tag="999" ind1="C" ind2="5">
    <subfield code="a">10.1086/310966</subfield>
    <subfield code="9">-- missing cx lookup --</subfield>
    <subfield code="1">D. Savin</subfield>
    <subfield code="p">L115 -</subfield>
    <subfield code="2">Crossref</subfield>
    <subfield code="t">Astrophys. J.</subfield>
    <subfield code="v">489</subfield>
    <subfield code="y">1997</subfield>
  </datafield>
  <datafield tag="999" ind1="C" ind2="5">
    <subfield code="1">S. Schennach</subfield>
    <subfield code="y">1991</subfield>
    <subfield code="2">Crossref</subfield>
    <subfield code="t">Atomic Physics of Highly Charged Ions</subfield>
    <subfield code="o">S. Schennach Atomic Physics of Highly Charged Ions 1991</subfield>
  </datafield>
  <datafield tag="999" ind1="C" ind2="5">
    <subfield code="a">10.1016/S0065-2199(08)60142-6</subfield>
    <subfield code="9">-- missing cx lookup --</subfield>
    <subfield code="1">Y. Hahn</subfield>
    <subfield code="p">123 -</subfield>
    <subfield code="2">Crossref</subfield>
    <subfield code="t">Adv. At. Mol. Phys.</subfield>
    <subfield code="v">21</subfield>
    <subfield code="y">1985</subfield>
  </datafield>
  <datafield tag="999" ind1="C" ind2="5">
    <subfield code="a">10.1088/0022-3700/19/22/023</subfield>
    <subfield code="9">-- missing cx lookup --</subfield>
    <subfield code="1">N. R. Badnell</subfield>
    <subfield code="p">3827 -</subfield>
    <subfield code="2">Crossref</subfield>
    <subfield code="t">J. Phys. B</subfield>
    <subfield code="v">19</subfield>
    <subfield code="y">1986</subfield>
  </datafield>
  <datafield tag="999" ind1="C" ind2="5">
    <subfield code="a">10.1103/PhysRevA.39.1685</subfield>
    <subfield code="9">-- missing cx lookup --</subfield>
    <subfield code="1">N. R. Badnell</subfield>
    <subfield code="p">1685 -</subfield>
    <subfield code="2">Crossref</subfield>
    <subfield code="t">Phys. Rev. A</subfield>
    <subfield code="v">39</subfield>
    <subfield code="y">1989</subfield>
  </datafield>
  <datafield tag="999" ind1="C" ind2="5">
    <subfield code="a">10.1364/JOSA.66.001010</subfield>
    <subfield code="9">-- missing cx lookup --</subfield>
    <subfield code="1">R. D. Cowan</subfield>
    <subfield code="p">1010 -</subfield>
    <subfield code="2">Crossref</subfield>
    <subfield code="t">J. Opt. Soc. Am.</subfield>
    <subfield code="v">66</subfield>
    <subfield code="y">1976</subfield>
  </datafield>
  <datafield tag="999" ind1="C" ind2="5">
    <subfield code="a">10.1103/PhysRevA.44.1750</subfield>
    <subfield code="9">-- missing cx lookup --</subfield>
    <subfield code="1">J. Oreg</subfield>
    <subfield code="p">1750 -</subfield>
    <subfield code="2">Crossref</subfield>
    <subfield code="t">Phys. Rev. A</subfield>
    <subfield code="v">44</subfield>
    <subfield code="y">1991</subfield>
  </datafield>
  <datafield tag="999" ind1="C" ind2="5">
    <subfield code="a">10.1364/JOSA.67.000148</subfield>
    <subfield code="9">-- missing cx lookup --</subfield>
    <subfield code="1">M. Klapisch</subfield>
    <subfield code="p">148 -</subfield>
    <subfield code="2">Crossref</subfield>
    <subfield code="t">J. Opt. Soc. Am.</subfield>
    <subfield code="v">67</subfield>
    <subfield code="y">1977</subfield>
  </datafield>
  <datafield tag="999" ind1="C" ind2="5">
    <subfield code="a">10.1007/BF01426394</subfield>
    <subfield code="9">-- missing cx lookup --</subfield>
    <subfield code="1">S. Schennach</subfield>
    <subfield code="p">291 -</subfield>
    <subfield code="2">Crossref</subfield>
    <subfield code="t">Z. Phys. D</subfield>
    <subfield code="v">30</subfield>
    <subfield code="y">1994</subfield>
  </datafield>
  <datafield tag="999" ind1="C" ind2="5">
    <subfield code="a">10.1016/0010-4655(91)90133-6</subfield>
    <subfield code="9">-- missing cx lookup --</subfield>
    <subfield code="1">C. Froese Fischer</subfield>
    <subfield code="p">369 -</subfield>
    <subfield code="2">Crossref</subfield>
    <subfield code="t">Comput. Phys. Commun.</subfield>
    <subfield code="v">64</subfield>
    <subfield code="y">1991</subfield>
  </datafield>
</record>
</collection>